000 00683nam a2200265Ia 4500
005 20260121172807.0
008 008 260114s9999 xx 000 0 eng d
020 _a9783030835743
037 _aEBOOK
040 _aCRL
040 _beng
040 _cCRL
041 _2eng
041 _aeng
084 _qCRL
100 _aMichael A. Genovese, Alysa Landry
_91092815
245 0 _aUS Presidents and the Destruction of the Native American Nations
260 _bSpringer
260 _bSpringer
260 _c2021
856 _uhttps://link.springer.com/openurl?genre=book&isbn=978-3-030-83574-3
942 _cEBOOK
999 _c1658555
_d1658555